| 000 | 01134cam a22003257a 4500 | ||
|---|---|---|---|
| 003 | CHAP | ||
| 005 | 20220329141601.0 | ||
| 008 | 971013s1972 mx r 00010 spa d | ||
| 010 | _a70509 | ||
| 011 | _a71481 | ||
| 035 | _a81035 | ||
| 040 | _cCHAP | ||
| 082 | 0 | 4 |
_a658 _bB3 |
| 100 | 0 | 0 |
_aBaldovinos de la Peña, Gabriel. _99668 |
| 245 | 1 | 3 |
_aLa administración de empresas de investigación _c/por Gabriel Baldovinos de la Peña |
| 260 |
_aMéxico, D. F. : _bAgronómica mexicana, _c1972 |
||
| 300 | _a250 p. | ||
| 590 |
_aBATCH-UPD _b10 _c20130110 _lUCH01 _h1147 |
||
| 590 |
_aBATCH-UPD _b10 _c20130410 _lUCH01 _h0732 |
||
| 590 |
_aBATCH-UPD _b10 _c20130913 _lUCH01 _h1945 |
||
| 590 |
_aCONVERSION _b10 _c20130109 _lUCH01 _h1339 |
||
| 650 | 1 | 4 |
_aAdministración de empresas. _9922 |
| 650 | 1 | 4 |
_aPersonal _xAdministración de. _987325 |
| 650 | 1 | 4 |
_aPolítica científica. _990459 |
| 901 | _aBK | ||
| 942 | _cLIBRO | ||
| 949 |
_a658 B3 _bBC _cLIBRO _d-34174 _eLIBRO _fc.2 _h28459 _i81035 _si |
||
| 949 |
_a658 B3 _bBC _cLIBRO _d33724000127049 _eLIBRO _h28458 _i81035 _si |
||
| 949 |
_a658 B3 _bBC _cLIBRO _d33724000127064 _eLIBRO _fc.3 _h40481 _i81035 _si |
||
| 999 |
_c70509 _d70509 |
||